Využitie 3D počítačovej grafiky na vizualizáciu vybranej fyzikálnej úlohy

Na minha lista:
Detalhes bibliográficos
Autor principal: Lenhart, Jan (Author)
Outros Autores: Sedlačková, Katarína (Thesis advisor)
Formato: Manuscrito Livro
Idioma:eslovaco
Publicado em: 2025
Assuntos:
Acesso em linha:http://is.stuba.sk/zp/portal_zp.pl?podrobnosti=175318
Tags: Adicionar Tag
Sem tags, seja o primeiro a adicionar uma tag!

MARC

LEADER 00000ntm a22000003a 4500
001 stuzp102916
003 SK-STU
005 20250614211805.8
007 ta
008 150427s2015----xo-----f-mn---000-0-slo-d
040 |a STU  |b slo 
041 0 |a slo 
100 1 |a Lenhart, Jan  |u 070400  |4 aut  |U FIIT Fakulta informatiky a informačných technológií  |T FIIT Ústav počítačového inžinierstva a aplikovanej informatiky  |X 120840  |U I400  |Y 672  |7 120840 
242 0 1 |a Use of 3D computer graphics for visualization of a specific physical problem  |y eng 
245 1 0 |a Využitie 3D počítačovej grafiky na vizualizáciu vybranej fyzikálnej úlohy 
260 |c 2025 
650 4 |a physics  |2 eng 
650 4 |a engine  |2 eng 
650 4 |a simulation  |2 eng 
650 4 |a engine  |2 slo 
650 4 |a simulácia  |2 slo 
650 4 |a fyzika  |2 slo 
700 1 |a Sedlačková, Katarína  |u 036000  |k Z1  |4 ths  |U FEI Fakulta elektrotechniky a informatiky  |T FEI Ústav jadrového a fyzikálneho inžinierstva  |X 45198  |U E060  |Y 817  |7 A000045198 
856 4 |u http://is.stuba.sk/zp/portal_zp.pl?podrobnosti=175318